Riconosci il Pokémon - Quiz n°111 - Statistics

Statistiche generali
  • Questo quiz è stato fatto 3 volte
  • Il punteggio medio è 10 su 10
Statistiche sulle risposte
Indizio Risposta % Corretto
Altezza 0,3 m
100%
Tasso di cattura 200 (36.6%)
100%
Peso 4,0 kg
100%
Sesso 50% ♂, 50% ♀
100%
Tipo Acqua / Coleottero
100%
Abilità Bolladacqua; Assorbacqua
100%
Pokémon Dewpider
100%
Stadio evoluzione Forma Base
100%
Tasso di allevamento Medio-Veloce
100%
Generazione Settima
100%
Nessun quiz corrispondente trovato
Distribuzione punteggi
Percentuale di utenti per punteggio
Percentile per numero di risposta
I tuoi punteggi nel tempo
Non hai fatto questo quiz